000 00986nam a2200349Ia 4500
005 20251020182533.0
008 200515s9999 xx 000 0 und d
082 _a72.011/N47/ej. 2
100 _aNEUFERT, Peter
245 0 _aArte de proyectar en arquitectura
260 _aBarcelona
260 _c1987
500 _a1 ejemplar
520 _aContiene fundamentos, normas y prescripciones sobre Construcción, dimensiones de edificios, locales, utensilios, instalaciones, abreviaturas, símbolos y medidas fundamentales utilizados en la construcción
650 _aACUSTICA
650 _aAISLAMIENTO TERMICO
650 _aALMACENES
650 _aARQUITECTURA
650 _aBANCOS
650 _aESCALERAS
650 _aHOSPITALES
650 _aILUMINACION
650 _aOFICINAS
650 _aPISCINAS
650 _aPUERTAS
650 _aRESTAURANTES
650 _aSAUNA
650 _aTIENDAS
650 _aTIENDAS
650 _aVIVIENDAS
942 _cLIB
999 _c2149
_d2149